World of Tanks All Tier XI Tanks - Statistics

General Stats
  • This quiz has been taken 15 times
    5 since last reset
  • The average score is 9 of 18
Answer Stats
Nation and Type Answer % Correct
Germany TD Hirschkäfer
100%
USSR HT KR-1
100%
Germany LT leKpz Borkenkäfer
100%
Germany MT Leopard 120 Verbessert
100%
Germany HT Taschenratte
100%
France HT AMX 67 Imbattable
67%
UK TD AT-FV230 Breaker
67%
Poland MT CS-67 Szakal
67%
Japan HT STK-2
67%
France MT AS-XX 40 t
33%
USSR MT Object 432U
33%
USA HT T803
33%
USA MT XM69 Hacker
33%
USA HT* Black Rock
0%
China HT BZ-79
0%
UK HT FV4025 Contriver
0%
China TD PTZ-78
0%
Sweden TD Strv 107-12
0%
No matching quizzes found
Score Distribution
Percent of People with Each Score
Percentile by Number Answered
Your Score History
You have not taken this quiz since the last reset